30 Continental Capitals furthest from Island Capitals - Statistics

General Stats
  • This quiz has been taken 29 times
  • The average score is 16 of 30
Answer Stats
Closest Island Country Capital D B Continental Capital % Correct
Port-of-Spain 5.074 353° Montevideo
95%
Port-of-Spain 4.001 353° Asuncion
84%
Port-of-Spain 5.022 356° Buenos Aires
84%
Port-of-Spain 3.310 Sucre
84%
Port-of-Spain 3.286 333° Brasilia
79%
Port-of-Spain 4.978 11° Santiago
79%
Port-of-Spain 3.041 34° Lima
74%
Wellington 2.330 106° Canberra
63%
Manama 3.287 212° Astana
58%
Manama 2.857 229° Bishkek
58%
Nassau 2.262 183° Ottawa
58%
Taipei 2.845 153° Ulaanbaatar
58%
Manama 2.391 225° Tashkent
53%
Manama 2.183 231° Dushanbe
47%
Manama 2.315 248° Islamabad
47%
Manama 2.005 242° Kabul
47%
Colombo 2.370 194° Kathmandu
47%
Singapore 2.207 157° Nay Pyi Daw
47%
Colombo 2.497 204° Thimphu
47%
Nicosia 2.310 188° Moscow
42%
Colombo 2.418 173° New Delhi
42%
Antananarivo 2.322 74° Gaborone
37%
Antananarivo 2.336 60° Maseru
37%
Antananarivo 2.129 69° Pretoria
37%
Colombo 2.172 211° Dhaka
32%
Nicosia 2.174 Khartoum
32%
Kingston 2.024 Quito
32%
Sao Tome 2.770 336° Windhoek
32%
Manama 2.276 33° Addis Ababa
26%
Moroni 2.240 144° Juba
26%
No matching quizzes found
Score Distribution
Percent of People with Each Score
Percentile by Number Answered
Your Score History
You have not taken this quiz